| 000 | 00488nam a22001457a 4500 | ||
|---|---|---|---|
| 082 |
_a297.1227 _bTAF _cL-31,P-152 |
||
| 100 |
_aAbu Muhammad Abdul Haq Al-Haqqani Al-Dehlvi _951013 |
||
| 245 | _aتفسیرحقا نی | ||
| 260 |
_aLahore, _bMaktab tul hasan, _c2000. |
||
| 300 | _a 585p,.490p, جلد سوم, جلد چہارم | ||
| 526 |
_a0 _b0 _c0 _d297_122700000000000_TAF |
||
| 526 |
_a0 _b0 _c0 _d297_122700000000000_TAF |
||
| 526 |
_a0 _b0 _c0 _d297_122700000000000_TAF |
||
| 942 |
_2ddc _cBK |
||
| 999 |
_c553747 _d553747 |
||